| 000 | 02240cam a22004094a 4500 | ||
|---|---|---|---|
| 001 | 14082164 | ||
| 005 | 20210414114115.0 | ||
| 008 | 050822s2007 mauab b 001 0 eng | ||
| 010 | _a 2005053866 | ||
| 020 | _a007305223X (alk. paper) | ||
| 020 | _a0073230626 (set) | ||
| 020 | _a9780073052236 | ||
| 020 | _a9780073230627 | ||
| 035 | _a(OCoLC)ocm61451697 | ||
| 040 |
_aDLC _cDLC _dYDX _dBAKER _dUBY _dDLC |
||
| 042 | _apcc | ||
| 050 | 0 | 0 | _aT58.6.H18 |
| 082 | 0 | 0 |
_a658.4/038/011 _222 |
| 100 | 1 | _aHaag, Stephen. | |
| 245 | 1 | 0 |
_aManagement information systems for the information age. / _cStephen Haag, Maeve Cummings, Amy Phillips. |
| 250 | _a6th ed. | ||
| 260 |
_aBoston : _bMcGraw-Hill/Irwin, _cc2007. |
||
| 300 |
_axxxii, 558 p. : _bill. (chiefly col.), maps ; _c29 cm. |
||
| 504 | _aIncludes bibliographical references (p. 540-546) and index. | ||
| 505 | _aContents: The Information age in which you live: changing the face of business -- Major business initiatives: gaining competitive advantage with IT -- Databases and data warehouses: building business intelligence -- Decision support and artificial intelligence: brainpower for your business -- Electronic commerce: strategies for the new economy -- Systems development: phases, tools and techniques -- Enterprise infrastructure and integration: building the dynamic enterprise -- Protecting people and information: threats and safeguards -- Emerging trends and technologies: business, people and technology tomorrow. | ||
| 650 | 0 | _aManagement information systems. | |
| 650 | 0 | _aInformation technology. | |
| 655 | 0 | _aCD-ROMs. | |
| 700 | 1 | _aCummings, Maeve. | |
| 700 | 1 |
_aPhillips, Amy _q(Amy L.) |
|
| 856 | 4 | 1 |
_3Table of contents only _uhttp://www.loc.gov/catdir/enhancements/fy0665/2005053866-t.html |
| 856 | 4 | 2 |
_3Publisher description _uhttp://www.loc.gov/catdir/enhancements/fy0665/2005053866-d.html |
| 856 | 4 | 2 |
_3Contributor biographical information _uhttp://www.loc.gov/catdir/enhancements/fy0737/2005053866-b.html |
| 906 |
_a7 _bcbc _corignew _d1 _eocip _f20 _gy-gencatlg |
||
| 942 |
_2lcc _cBK |
||
| 999 |
_c1992 _d9492 |
||